Minh họa thế kỷ 20 - Lịch sử văn minh nhân loại hiện đại 1900 - 2000

Nguyên tác: The 20th century an illustrated history of our lives and times; Nội dung được viết với thương thức kết hợp cách viết Biên niên sử (như kinh Xuân Thu) với các bài bình luận viết theo lối sử thoại (như Sử Ký Tư Mã Thiên) sử học hiện đạ...

Disgrifiad llawn

Wedi'i Gadw mewn:
Manylion Llyfryddiaeth
Prif Awdur: Glennon, Lorraine
Awduron Eraill: Phạm, Khải
Fformat: Llyfr
Iaith:Undetermined
Cyhoeddwyd: Tp. Hồ Chí Minh Tổng hợp Tp. Hồ Chí Minh 2006
Pynciau:
Mynediad Ar-lein:http://lrc.tdmu.edu.vn/opac/search/detail.asp?aID=2&ID=30352
Tagiau: Ychwanegu Tag
Dim Tagiau, Byddwch y cyntaf i dagio'r cofnod hwn!
Thư viện lưu trữ: Trung tâm Học liệu Trường Đại học Thủ Dầu Một
LEADER 01241nam a2200217Ia 4500
001 TDMU_30352
008 210410s9999 xx 000 0 und d
082 |a 398.20959774 
090 |b G204 
100 |a Glennon, Lorraine 
245 0 |a Minh họa thế kỷ 20 - Lịch sử văn minh nhân loại hiện đại 1900 - 2000 
245 0 |c Lorraine Glennon; Phạm Khải (ng.d.) 
260 |a Tp. Hồ Chí Minh 
260 |b Tổng hợp Tp. Hồ Chí Minh 
260 |c 2006 
300 |a 1258tr. 
520 |a Nguyên tác: The 20th century an illustrated history of our lives and times; Nội dung được viết với thương thức kết hợp cách viết Biên niên sử (như kinh Xuân Thu) với các bài bình luận viết theo lối sử thoại (như Sử Ký Tư Mã Thiên) sử học hiện đại gọi là Siêu sử quan (Metahistory) 
650 |a Lịch sử văn minh  |y 1900-2000  |z Thế giờ; Lịch sử  |x Văn minh  |y Thế kỷ 20  |z Thế giới 
700 |a Phạm, Khải 
856 |u http://lrc.tdmu.edu.vn/opac/search/detail.asp?aID=2&ID=30352 
980 |a Trung tâm Học liệu Trường Đại học Thủ Dầu Một